Applied combinatorics

Αποθηκεύτηκε σε:
Λεπτομέρειες βιβλιογραφικής εγγραφής
Κύριος συγγραφέας: Tucker, Alan 1943 July 6-
Μορφή: Βιβλίο
Γλώσσα:English
Δημοσίευση: New York : Wiley, c1995
Έκδοση:3rd ed.
Θέματα:
Ετικέτες: Προσθήκη ετικέτας
Δεν υπάρχουν, Καταχωρήστε ετικέτα πρώτοι!

MARC

LEADER 00000nam a2200000 i 4500
001 1/5634
008 000607s1995 eng d
020 |a 0471595047 
035 |l 10061654 
040 |a GR-MY-UA  |b gre  |e aacr 
041 0 |a eng 
082 0 |a 511.6 
100 1 |a Tucker, Alan  |d 1943 July 6- 
245 1 0 |a Applied combinatorics /  |c Allan Tucker 
250 |a 3rd ed. 
260 |a New York :   |b Wiley,   |c c1995 
300 |a ix, 462 p.;  |b ill.;  |c 24 cm. 
504 |a Includes bibliographical refernces and index 
650 0 0 |a Combinatorial analysis. 
650 0 0 |a Graph theory. 
852 |a INST  |b SAMOS  |e 20000607  |h 511.6 TUC  |p 005300019690  |q 005300019690  |t BK  |y 0 
901 |a BIBL3-2000-2 
909 |a Σ  |b 078075 
922 |a 3ΕΛΗ  |b 200005  |c ΒΙΒΛΙΟΘΗΚΗ  |d ΠΑΠΑΣΩΤΗΡΙΟΥ 
950 |a 127-1999-12-03 
970 |a ΠΟΥΡΝΑΡΑΣ  |b ΔΗΜΗΤΡΗΣ  |z 2000/06/14